| 000 | 00921nam a22003017a 4500 | ||
|---|---|---|---|
| 003 | CHAP | ||
| 005 | 20220329133018.0 | ||
| 008 | 971013s1982 enka r 00010 eng d | ||
| 010 | _a1264 | ||
| 011 | _a2236 | ||
| 035 | _a1429 | ||
| 040 | _cCHAP | ||
| 082 | 0 | 4 |
_a574.9 _bT5 1982 |
| 100 | 0 | 0 |
_aTivy, Joy. _9113438 |
| 245 | 1 | _aBiogeography ; a study of plants in the ecosphere | |
| 250 | _a2 ed. | ||
| 260 |
_aLondon : _bLongman, _c1982 |
||
| 300 |
_a459 p. _b: ilus. |
||
| 590 |
_aBATCH-UPD _b10 _c20130110 _lUCH01 _h2011 |
||
| 590 |
_aBATCH-UPD _b10 _c20130410 _lUCH01 _h1330 |
||
| 590 |
_aBATCH-UPD _b10 _c20130914 _lUCH01 _h1415 |
||
| 590 |
_aCONVERSION _b10 _c20130109 _lUCH01 _h1302 |
||
| 650 | 1 | 4 |
_aFitogeografía. _941157 |
| 901 | _aBK | ||
| 942 | _cLIBRO | ||
| 949 |
_a574.9 T5 1982 _bBC _cLIBRO _d33724000476206 _eLIBRO _fc.2 _h81343 _i1429 _si |
||
| 949 |
_a574.9 T5 1982 _bBC _cLIBRO _d33724000868691 _eLIBRO _h59826 _i1429 _si |
||
| 999 |
_c1264 _d1264 |
||